TAKING SIDESISSUES IN CLASSROOM MANAGEMENT (Record no. 9416)

MARC details
000 -LEADER
fixed length control field 00385nam a22001577a 4500
003 - CONTROL NUMBER IDENTIFIER
control field OSt
005 - DATE AND TIME OF LATEST TRANSACTION
control field 20211005112055.0
008 - FIXED-LENGTH DATA ELEMENTS--GENERAL INFORMATION
fixed length control field 211005b |||||||| |||| 00| 0 eng d
020 ## - INTERNATIONAL STANDARD BOOK NUMBER
International Standard Book Number 0073527181
040 ## - CATALOGING SOURCE
Original cataloging agency HU
Transcribing agency DDC
082 ## - DEWEY DECIMAL CLASSIFICATION NUMBER
Classification number 2006
245 ## - TITLE STATEMENT
Title TAKING SIDESISSUES IN CLASSROOM MANAGEMENT
260 ## - PUBLICATION, DISTRIBUTION, ETC.
Place of publication, distribution, etc. DUSHKIN
Name of publisher, distributor, etc. MCGAW-HILL
Date of publication, distribution, etc. 2006
300 ## - PHYSICAL DESCRIPTION
Extent xxI,391,P,22CM
942 ## - ADDED ENTRY ELEMENTS (KOHA)
Source of classification or shelving scheme Dewey Decimal Classification
Koha item type Books like text book referance book
Suppress in OPAC No

No items available.